Electrochemical sensors, biosensors and their biomedical applications

Saved in:
Bibliographic Details
Other Authors: Zhang, Xueji (ed), Ju, Huangxian (ed), Wang, Joseph (ed)
Format: Book
Language:English
Published: Amsterdam ; Boston Academic Press 2008
Edition:1st ed.
Subjects:
Online Access:View in OPAC
Tags: Add Tag
No Tags, Be the first to tag this record!

MARC

LEADER 00000nam a2200000 a 4500
005 20260127133937.0
008 120925 2012 000 0 eng d
020 |a 9780123737380 
035 |a vtls010453174 
039 9 |a 201209251041  |b mschk03  |y 201209251039  |z mschk03 
040 |a STUSCHK1  |b slo  |c STUSCHK1  |e AACR2 
245 1 |a Electrochemical sensors, biosensors and their biomedical applications  |c edited by Xueji Zhang, Huangxian Ju, Joseph Wang 
250 |a 1st ed. 
260 |a Amsterdam ;  |a Boston  |b Academic Press  |c 2008 
300 |a xxii, 593 p.  |b ill.  |c 24 cm 
500 |a obsahuje bibliografické odkazy a registre 
650 0 |a biosenzory 
650 0 |a elektrochemická analýza 
700 1 |a Zhang, Xueji  |4 ed 
700 1 |a Ju, Huangxian  |4 ed 
700 1 |a Wang, Joseph  |4 ed 
910 |a SCHK95 
919 |a 978-0-12-373738-0 
999 |c 587  |d 587